| 000 | 00387nam a2200157Ia 4500 | ||
|---|---|---|---|
| 008 | 221030s9999 xx 000 0 und d | ||
| 020 | _a8176563587 | ||
| 041 | _aEnglish | ||
| 082 |
_a105.23 _bKanethkar |
||
| 100 | _aY. Kanetkar | ||
| 245 | 0 |
_aUnderstanding Pointers in C _cby Y. Kanetkar |
|
| 260 |
_bBPB Pub _aNew Delhi _c2002 |
||
| 300 | _a501 | ||
| 650 | _aBE Computer | ||
| 942 | _cBK | ||
| 999 |
_c4079 _d4079 |
||